000 00772cab a2200217 4500
001 WB2945-56
008 090401t1993 xxu||||| |||| 00| 0 eng d
035 _a(Sirsi) u37599
041 _aeng
245 _aTube bid tests Transport and Works
260 _c1993
350 _a0
490 _aConstruction News
_v(6343) 2 December 1993. 2(1)
520 _aFirst planning application to be heard under the Transport and Works Act 1992 for the proposed East London Line extension has been lodged with the SoS for Transport. Objectors have until February 1994 to comment.
650 _aEAST LONDON LINE EXTENSION
650 _aPRIVATE BILLS
650 _aTRANSPORT AND WORKS ACT 1992
690 _aTRANSPORT AND COMMUNICATIONS
942 _n0
948 _c04/03/1997
999 _c24257
_d24257